| 000 | 00972nam a22002537a 4500 | ||
|---|---|---|---|
| 999 |
_c5348 _d5348 |
||
| 003 | AR-CdUCM | ||
| 008 | 190312b ||||| |||| 00| 0 spa d | ||
| 040 |
_aMUNICIPALIDAD PROVINCIAL DEL CUSCO _cBIBLIOTECA MUNICIPAL DEL CUSCO |
||
| 041 | _heng | ||
| 082 |
_a985.01 / _bV86 |
||
| 100 |
_aVon Hagen, Victor W. _916143 |
||
| 245 |
_aCultura preincaicas : _bcivilizaciones Mochica y Chimú / |
||
| 260 |
_aMadrid : _bGuadarrama, _c1966. |
||
| 300 |
_a230 paginas ; _bIlustraciones, _c24 cm. |
||
| 500 | _atitulo original: The desert kingddoms of Peru | ||
| 505 | _aContenido: -- El nuevo descubrimiento de los reinos -- El país y los habitantes -- Artesanía Mochica y Chimú -- Vida tribal -- Organización tribal -- Las conquistas ... | ||
| 650 |
_aÉpoca Prehispánica _92714 |
||
| 650 |
_aCerámica peruana _916144 |
||
| 650 |
_aCultura Mochica _97063 |
||
| 650 |
_aCultura Chimú _910077 |
||
| 700 |
_aFente, Rafael _916145 |
||
| 942 |
_2ddc _cLIBROS |
||
| 945 | _aacv | ||